The skateboarding bible / (Record no. 401533)
[ view plain ]
| 000 -LEADER | |
|---|---|
| fixed length control field | 01184nam a2200361 i 4500 |
| 001 - CONTROL NUMBER | |
| control field | on1377288767 |
| 003 - CONTROL NUMBER IDENTIFIER | |
| control field | OCoLC |
| 005 - DATE AND TIME OF LATEST TRANSACTION | |
| control field | 20241024164124.0 |
| 008 - FIXED-LENGTH DATA ELEMENTS--GENERAL INFORMATION | |
| fixed length control field | 230425s2023 xxua b 001 0 eng d |
| 020 ## - INTERNATIONAL STANDARD BOOK NUMBER | |
| International Standard Book Number | 9781700192240 |
| 020 ## - INTERNATIONAL STANDARD BOOK NUMBER | |
| International Standard Book Number | 1700192248 |
| 035 ## - SYSTEM CONTROL NUMBER | |
| System control number | (OCoLC)1377288767 |
| 040 ## - CATALOGING SOURCE | |
| Original cataloging agency | ZGY |
| Language of cataloging | eng |
| Transcribing agency | ZGY |
| Modifying agency | OCLCO |
| Description conventions | rda |
| 049 ## - LOCAL HOLDINGS (OCLC) | |
| Holding library | WACL |
| 092 ## - LOCALLY ASSIGNED DEWEY CALL NUMBER (OCLC) | |
| Classification number | junior nonfiction |
| Item number | J 796.22 Tant |
| 100 1# - MAIN ENTRY--PERSONAL NAME | |
| Personal name | Tant, Maxime. |
| 9 (RLIN) | 6495862 |
| 245 10 - TITLE STATEMENT | |
| Title | The skateboarding bible / |
| Statement of responsibility, etc | Maxime Tant |
| 260 ## - PUBLICATION, DISTRIBUTION, ETC. (IMPRINT) | |
| Place of publication, distribution, etc | [place of publication unknown] : |
| Name of publisher, distributor, etc | [unknown publisher], |
| Date of publication, distribution, etc | [2023]. |
| 264 ## - Production, Publication, Distribution, Manufacture, and Copyright Notice. | |
| Place of production, publication, distribution, manufacture | Texas : |
| Name of producer, publisher, distributor, manufacturer | Independently Published, |
| Date of production, publication, distribution, manufacture, or copyr | 2024. |
| 300 ## - PHYSICAL DESCRIPTION | |
| Extent | 254 pages : |
| Other physical details | illustrations ; |
| Dimensions | 28 cm. |
| 336 ## - Content Type | |
| Content type term | text |
| 337 ## - Media type | |
| Media type term | unmediated |
| 338 ## - Carrier type | |
| Carrier type term | volume |
| 504 ## - BIBLIOGRAPHY, ETC. NOTE | |
| Bibliography, etc | Includes index. |
| 520 ## - SUMMARY, ETC. | |
| Summary, etc | Learn about the world of skateboarding, it's history, how to progress and innovate. |
| 650 #0 - SUBJECT ADDED ENTRY--TOPICAL TERM | |
| Topical term or geographic name as entry element | Skateboarding. |
| 650 #1 - SUBJECT ADDED ENTRY--TOPICAL TERM | |
| Topical term or geographic name as entry element | Skateboarding. |
| 650 #1 - SUBJECT ADDED ENTRY--TOPICAL TERM | |
| Topical term or geographic name as entry element | Skateboarding |
| General subdivision | History. |
| 9 (RLIN) | 6427848 |
| 650 #6 - SUBJECT ADDED ENTRY--TOPICAL TERM | |
| Topical term or geographic name as entry element | Planche �a roulettes (Sport) |
| 9 (RLIN) | 6495861 |
| 650 #7 - SUBJECT ADDED ENTRY--TOPICAL TERM | |
| Topical term or geographic name as entry element | Skateboarding |
| Source of heading or term | fast |
| 655 #4 - INDEX TERM--GENRE/FORM | |
| Genre/form data or focus term | Nonfiction. |
| 9 (RLIN) | 5714151 |
| 942 ## - ADDED ENTRY ELEMENTS (KOHA) | |
| Source of classification or shelving scheme | Dewey Decimal Classification |
| Koha item type | BOOK |
| Withdrawn status | Lost status | Source of classification or shelving scheme | Damaged status | Not for loan | Collection code | Home library | Current library | Shelving location | Date acquired | Source of acquisition | Total Checkouts | Total Renewals | Full call number | Barcode | Checked out | Date last seen | Date checked out | Cost, replacement price | Price effective from | Koha item type |
|---|---|---|---|---|---|---|---|---|---|---|---|---|---|---|---|---|---|---|---|---|
| Dewey Decimal Classification | Junior NonFiction | Wasatch County Library | Wasatch County Library | Second Floor | 10/24/2024 | Amazon | 1 | 2 | J 796.22 Tant | 34301002135210 | 05/01/2026 | 03/05/2026 | 03/05/2026 | 23.99 | 10/24/2024 | BOOK |
